| 000 | 00763nam a22002771 4500 | ||
|---|---|---|---|
| 001 | 17329 | ||
| 003 | BD-RjUL | ||
| 005 | 20211209000125.0 | ||
| 008 | 140216s1958 enka 000 0 eng | ||
| 035 | _a(BD-RjUL)17387 | ||
| 035 | _a(OCoLC)4696173 | ||
| 040 |
_aDLC _cOCl _dBD-RjUL _beng |
||
| 041 | _aeng | ||
| 082 |
_a659.1 _bCHT 1958 |
||
| 100 | 1 |
_aChandor, Peter. _949572 |
|
| 245 | 1 | 0 |
_aTeach yourself advertising and publicity / _cPeter Chandor |
| 250 | _aNew & rev. ed. | ||
| 260 |
_aLondon : _bEnglish Universities Press, _c1958. |
||
| 300 |
_a190 p. : _billus. ; _c18 cm. |
||
| 490 | 0 | _aTeach yourself books | |
| 650 | 0 |
_aAdvertising. _953406 |
|
| 650 | 0 |
_aPublicity. _916346 |
|
| 942 |
_2ddc _cBK |
||
| 999 |
_c17329 _d17329 |
||